BİLİM ÇOÇUK (Record no. 780616)

MARC details
000 -LEADER
sabit uzunluktaki kontrol alanı 00215nam a2200097Ia 4500
001 - KONTROL NUMARASI
kontrol alanı 780616
005 - EN SON İŞLEMİN TARİH VE ZAMANI
kontrol alanı 20250826170128.0
008 - SABİT-UZUNLUKTA VERİ ÖĞELERİ--GENEL BİLGİ
sabit uzunluktaki kontrol alanı 250824s9999 xx 000 0 und d
245 #0 - ESER / YAZAR
ESER ADI BİLİM ÇOÇUK
Yazar Adı ...
260 ## - YAYIN, DAĞITIM, VB.
YAYIN EVİ ...
Holdings
Düşüm durumu Kayıp durumu Hasar Durumu Ödünç verilmez Ana kütüphane Geçerli Kütüphane Edinilen tarih Toplam ödünç verme sayısı Barkod Son görüntüleme tarihi Fiyatın geçerli olmaya başladığı tarih Koha materyal türü Sınıflandırma Kaynağı veya raf şeması Tam yer numarası
        ATATÜRK MESLEKİ VE TEKNİK ANADOLU LİSESİ ATATÜRK MESLEKİ VE TEKNİK ANADOLU LİSESİ 24.08.2025   10493630 26.08.2025 26.08.2025 Books    
        HOCA AHMET YESEVİ ORTAOKULU HOCA AHMET YESEVİ ORTAOKULU 02.10.2025   10629268 02.10.2025 02.10.2025 Books Dewey Ondalık Sınıflama U-2
        SELÇUKLU İMAM HATİP ORTAOKULU SELÇUKLU İMAM HATİP ORTAOKULU 13.03.2026   10126994 13.03.2026 13.03.2026 Books Dewey Ondalık Sınıflama C-1